Statistics for US State General Knowledge #9 - Arizona

Click here to take the quiz!

General Stats

  • This quiz has been taken 170 times
  • The average score is 31 of 52

Answer Stats

HintAnswer% Correct
1,563,025 | CapitalPhoenix
100%
Since 1853 was it part of....?New Mexico Territory
96%
AbbreviationAZ
96%
New Mexico
96%
Bordering US statesCalifornia
95%
Utah
94%
Longest RiverColorado River
93%
Colorado
93%
Nevada
93%
531,641Tucson
91%
NicknameThe Grand Canyon State
91%
| Most famous gorge in ArizonaGrand Canyon
90%
Largest in northern ArizonaFlagstaff
89%
Route where you can "get your kicks"Route 66
83%
Republican candidate for the 2008 electionJohn McCain
83%
471,825Mesa
79%
3:10 to hereYuma
75%
Was part of.....in the 1840sMexico
75%
Only place where Arizona meets the 2nd state ^Four Corners
74%
Largest Native American reservationNavajo Nation
71%
NFL teamArizona Cardinals
70%
MLB teamArizona Diamondbacks
70%
NBA teamPhoenix Suns
64%
260,828Chandler
64%
Known for its energy vortexesSedona
63%
Wild West town, "The Town Too Tough To Die"Tombstone
61%
Year of statehood1912
61%
Prominent leader of the Apache tribeGeronimo
56%
247,542Gilbert
52%
Sonora
51%
NHL teamArizona Coyotes
48%
DemonymArizonan
47%
Petrified Forest
41%
Largest lakesLake Mead
38%
Saguaro
33%
Treaty which brought southern Arizona to the USGadsden Purchase
33%
Region known for its buttesMonument Valley
32%
Highest peakHumphreys Peak
31%
Lake Powell
31%
Bordering Mexican statesBaja California
29%
What Clyde Tombaugh discovered in 1930Pluto
28%
34,856Walmart
26%
Famous meander near PageHorseshoe Bend
20%
Other tourist attraction near PageAntelope Canyon
20%
Chuck Berry sang: "Don't forget _____"Winona
12%
39,781Banner Health
10%
15,781McDonald's
10%
Last Super Bowl held in ArizonaSuper Bowl XLIX
7%
15,071Wells Fargo
6%
16,856Kroger
2%

Score Distribution

Percentile by Number Answered

Percent of People with Each Score

Your Score History

You have not taken this quiz